Tous les sites UNESCO du Danemark sur une carte - Statistiques

Statistiques générales
  • Ce quiz a été pris 23 fois
  • Le résultat moyen est 6 sur 12
Réponses sur la Carte
Les réponses sont colorées sur une échelle allant du rouge au vert en fonction du pourcentage des utilisateurs qui les ont devinées à leur premier essai. Vous pouvez retrouver ces pourcentages ci-dessous.
 
Statistiques - réponses
Réponse % Correct
Aasivissuit-Nipisat. Terres de chasse inuites entre mer et glace
100%
La mer des Wadden
69%
Cathédrale de Roskilde
54%
Forteresses circulaires de l’âge des Vikings
46%
Kujataa au Groenland : agriculture nordique et inuite en bordure de la calotte glaciaire
46%
Møns Klint
46%
Tumulus, pierres runiques et église de Jelling
46%
Château de Kronborg
38%
Fjord glacé d’Ilulissat
38%
Colonies de l’Église morave
31%
Paysage de chasse à courre de Zélande du Nord
31%
Stevns Klint
31%
Aucun quiz correspondant
Distribution des résultats
% des personnes avec chaque résultat
Percentile par nombre de réponses
Votre historique - résultats
Vous n’avez pas pris ce quiz